00688nam a22001937a 450000500170000000800410001702000290005802000300008704000410011704100080015810000270016624500980019325000100029126000560030130000190035765000270037665000470040365000440045020250812091853.0250812b ||||| |||| 00| 0 eng d a9780521204828 (Hardback) a9780521129008 (Paperback) aCO-BoUCMcDavid MorenodDavid Moreno aeng1 aBruford, Walter Horace14aThe German tradition of self-cultivationbbildung from Humboldt to Thomas ManncW. H. Bruford a1a.Ed aLondon ; New YorkbCambridge University Pressc1975 ax, 290 Paginas14aAutoculturaxEducacion14aFicción psicológicaxDesarrollo humano14aFicción alemanaxHistoria y crítica